[Event "Dundee & Angus op"]
[Site "Dundee"]
[Date "2014.10.10"]
[Round "1"]
[White "Hogg, Stephen William"]
[Black "McPheator, Gary"]
[Result "1-0"]
[WhiteElo "1930"]
[BlackElo "1741"]
[PlyCount "47"]
[EventDate "2014.10.10"]
[EventType "swiss"]
[EventRounds "5"]
[EventCountry "SCO"]
[SourceTitle "EXT 2017"]
[Source "ChessBase"]
[SourceDate "2016.10.25"]
[SourceVersion "1"]
[SourceVersionDate "2016.10.25"]
[SourceQuality "1"]

1. Nf3 c5 2. b3 Nf6 3. Bb2 e6 4. e3 d5 5. d4 Nc6 6. Bd3 cxd4 7. exd4 Bd6 8. Nbd2 0-0 9. 0-0 Nd7 10. a3 f6 11. c4 Qe8 12. Re1 Qf7 13. Qc2 g6 14. Rxe6 Qxe6 15. cxd5 Nxd4 16. Nxd4 Qf7 17. Ne6 Re8 18. Ne4 Bb8 19. Bb5 Be5 20. Bxe5 fxe5 21. Nd6 Qe7 22. Nxe8 Nb6 23. N6c7 Be6 24. Nf6+ 1-0

[Event "Dundee & Angus op"]
[Site "Dundee"]
[Date "2013.10.12"]
[Round "2"]
[White "Hogg, Stephen William"]
[Black "Sreeves, Clement"]
[Result "0-1"]
[WhiteElo "1939"]
[BlackElo "2248"]
[PlyCount "54"]
[EventDate "2013.10.11"]
[EventType "swiss"]
[EventRounds "5"]
[EventCountry "SCO"]
[SourceTitle "EXT 2017"]
[Source "ChessBase"]
[SourceDate "2016.10.25"]
[SourceVersion "1"]
[SourceVersionDate "2016.10.25"]
[SourceQuality "1"]

1. Nf3 Nf6 2. b3 g6 3. Bb2 Bg7 4. g3 d6 5. d4 0-0 6. Bg2 c5 7. e3 cxd4 8. exd4 d5 9. 0-0 Nc6 10. Nbd2 Bf5 11. Nh4 Bg4 12. f3 Bd7 13. f4 Qb6 14. Nhf3 Ng4 15. Qe2 Nxd4 16. Nxd4 Bxd4+ 17. Bxd4 Qxd4+ 18. Kh1 Ne3 19. Nf3 Qc3 20. Rfe1 Nxg2 21. Kxg2 Bf5 22. Qe5 Rac8 23. Nd4 Bxc2 24. Rac1 Be4+ 25. Kh3 Qd2 26. Rxc8 Qg2+ 27. Kg4 h5+ 0-1

[Event "Dundee & Angus op"]
[Site "Dundee"]
[Date "2012.??.??"]
[Round "5"]
[White "Doyle, Jim"]
[Black "Hogg, Stephen William"]
[Result "1-0"]
[WhiteElo "1924"]
[BlackElo "1933"]
[PlyCount "113"]
[EventDate "2012.10.13"]
[EventType "swiss"]
[EventRounds "5"]
[EventCountry "SCO"]
[SourceTitle "EXT 2017"]
[Source "ChessBase"]
[SourceDate "2016.10.25"]
[SourceVersion "1"]
[SourceVersionDate "2016.10.25"]
[SourceQuality "1"]

1. d4 Nf6 2. c4 e6 3. Nc3 Bb4 4. e3 0-0 5. Bd3 d5 6. Nge2 dxc4 7. Bxc4 c5 8. 0-0 cxd4 9. exd4 Nbd7 10. Ng3 Qc7 11. Qb3 Nb6 12. Bd3 Be7 13. Be3 Bd7 14. Rac1 Bc6 15. Qc2 g6 16. Qe2 Nbd5 17. Nce4 Nf4 18. Qd2 Nxd3 19. Qxd3 Nxe4 20. Nxe4 Rfd8 21. Ng5 Qa5 22. Qb1 Rd7 23. a3 Qd5 24. f3 a5 25. Ne4 a4 26. Rc5 Qb3 27. Rc3 Qb5 28. Rfc1 Qf5 29. Qc2 g5 30. Ng3 Qxc2 31. R3xc2 f5 32. Bf2 Bf6 33. Ne2 Rad8 34. f4 Kf7 35. fxg5 Bxg5 36. Re1 Rg8 37. Ng3 Bf6 38. Rce2 Bd5 39. Be3 Rg4 40. Nh5 Bxd4 41. Bxd4 Rxd4 42. Ng3 Kg6 43. Nf1 Bc4 44. Re3 h5 45. h3 h4 46. Nh2 Re4 47. Rxe4 fxe4 48. Rxe4 Rd1+ 49. Kf2 Bd5 50. Rxh4 Rd2+ 51. Ke3 Rxg2 52. Rg4+ Kh5 53. Rxg2 Bxg2 54. Kf4 Bxh3 55. Nf3 Kg6 56. Ke5 Bg2 57. Nh4+ 1-0

[Event "Dundee & Angus op"]
[Site "Dundee"]
[Date "2012.??.??"]
[Round "2"]
[White "Hogg, Stephen William"]
[Black "Grant, Alan"]
[Result "0-1"]
[WhiteElo "1933"]
[BlackElo "2114"]
[PlyCount "40"]
[EventDate "2012.10.13"]
[EventType "swiss"]
[EventRounds "5"]
[EventCountry "SCO"]
[SourceTitle "EXT 2017"]
[Source "ChessBase"]
[SourceDate "2016.10.25"]
[SourceVersion "1"]
[SourceVersionDate "2016.10.25"]
[SourceQuality "1"]

1. Nf3 c5 2. b3 b6 3. Bb2 Bb7 4. c4 e6 5. d4 cxd4 6. Qxd4 Nf6 7. Nc3 d6 8. e4 Be7 9. h3 a6 10. Bd3 Nbd7 11. 0-0 Qc7 12. Qe3 0-0 13. Rac1 Rfe8 14. Rfe1 Rac8 15. a3 Qb8 16. Nd2 Bf8 17. Bf1 g6 18. Na4 Bg7 19. Nxb6 Nxb6 20. Qxb6 Nd7 0-1

[Event "Dundee & Angus op"]
[Site "Dundee"]
[Date "2011.10.14"]
[Round "1"]
[White "McPheator, Gary"]
[Black "Hogg, Stephen William"]
[Result "1-0"]
[WhiteElo "1705"]
[BlackElo "2010"]
[PlyCount "81"]
[EventDate "2011.10.14"]
[EventType "swiss"]
[EventRounds "5"]
[EventCountry "SCO"]
[SourceTitle "EXT 2017"]
[Source "ChessBase"]
[SourceDate "2016.10.25"]
[SourceVersion "1"]
[SourceVersionDate "2016.10.25"]
[SourceQuality "1"]

1. e4 d5 2. exd5 Qxd5 3. Nc3 Qa5 4. Nf3 Nf6 5. d4 Bg4 6. h3 Bh5 7. g4 Bg6 8. Ne5 Nbd7 9. Nxg6 hxg6 10. Bg2 c6 11. 0-0 0-0-0 12. Qe2 e6 13. Bf4 Bb4 14. Nb1 Nb6 15. c3 Nfd5 16. Be5 Bf8 17. Nd2 Qb5 18. c4 Qa6 19. a3 c5 20. dxc5 Na4 21. Rfe1 Nc7 22. b4 f6 23. Bg3 e5 24. Nb3 Nc3 25. Qc2 Qxc4 26. Na5 Qd3 27. Bxb7+ Kb8 28. Nc6+ Kxb7 29. Nxd8+ Qxd8 30. Qxc3 Rxh3 31. Kg2 Rh8 32. c6+ Ka8 33. Rad1 Qc8 34. Rd7 Nb5 35. Qf3 a6 36. a4 Nd4 37. Rxd4 exd4 38. c7+ Ka7 39. Qe4 Qd7 40. Rd1 Bxb4 41. Rxd4 1-0

[Event "Dundee & Angus op"]
[Site "Dundee"]
[Date "2010.10.17"]
[Round "5"]
[White "Hogg, Stephen William"]
[Black "Carter, Richard G"]
[Result "1-0"]
[WhiteElo "2071"]
[BlackElo "1810"]
[PlyCount "83"]
[EventDate "2010.10.15"]
[EventType "swiss"]
[EventRounds "5"]
[EventCountry "SCO"]
[SourceTitle "EXT 2017"]
[Source "ChessBase"]
[SourceDate "2016.10.25"]
[SourceVersion "1"]
[SourceVersionDate "2016.10.25"]
[SourceQuality "1"]

1. d4 Nf6 2. c4 g6 3. Nc3 Bg7 4. e4 d6 5. f4 0-0 6. Nf3 c5 7. d5 e6 8. Be2 exd5 9. exd5 a6 10. a4 b6 11. 0-0 Bg4 12. Bd3 Nbd7 13. Bd2 Qc7 14. Be1 Rae8 15. Bh4 Re3 16. h3 Bxf3 17. Rxf3 Rxf3 18. Qxf3 Re8 19. g4 Kh8 20. Rf1 Qb8 21. Kh1 h6 22. Bg3 Re7 23. g5 Nh5 24. f5 Nxg3+ 25. Qxg3 Bxc3 26. bxc3 Qe8 27. fxg6 fxg6 28. Qxd6 Re3 29. Qxg6 Qxg6 30. Bxg6 Rxh3+ 31. Kg2 Rxc3 32. gxh6 Rxc4 33. Kh3 Rc3+ 34. Kh2 Rc4 35. Kh3 Rc3+ 36. Kh4 Rc4+ 37. Kg5 Rc3 38. Bf5 Ne5 39. Be4 Nd7 40. Rf7 Rg3+ 41. Kf4 Rg4+ 42. Kf5 1-0

[Event "East of Scotland-ch"]
[Site "Scotland"]
[Date "2010.05.30"]
[Round "5"]
[White "McDonald, Ian"]
[Black "Hogg, Stephen William"]
[Result "1/2-1/2"]
[WhiteElo "1723"]
[BlackElo "2012"]
[PlyCount "119"]
[EventDate "2010.05.28"]
[EventType "swiss"]
[EventRounds "5"]
[EventCountry "SCO"]
[SourceTitle "EXT 2023"]
[Source "ChessBase"]
[SourceDate "2022.10.05"]
[SourceVersion "1"]
[SourceVersionDate "2022.10.05"]
[SourceQuality "1"]

1. e4 c6 2. Nc3 d5 3. d4 dxe4 4. Nxe4 Nd7 5. Nf3 Ngf6 6. Bd3 Nxe4 7. Bxe4 Nf6 8. Qe2 Nxe4 9. Qxe4 Qd5 10. Qd3 Bf5 11. Qe2 Bg4 12. Be3 e6 13. a3 Be7 14. Rg1 Bf6 15. h3 Bxf3 16. gxf3 0-0-0 17. 0-0-0 Qa2 18. c4 Bxd4 19. Bxd4 Rxd4 20. Rxd4 Qa1+ 21. Kc2 Qxg1 22. Rg4 Qh2 23. Rxg7 Qf4 24. Qe4 Qf6 25. Rg4 Rd8 26. Rf4 Qg6 27. Kc3 c5 28. Qxg6 fxg6 29. Rf6 Rd6 30. b4 cxb4+ 31. axb4 Kd8 32. c5 Rc6 33. Rf7 Rc7 34. Rf4 Ke8 35. Re4 Ke7 36. Kd4 Rd7+ 37. Kc3 Rd5 38. f4 Rh5 39. Re3 Rh4 40. Rf3 a6 41. b5 Kd7 42. Kc4 Kc7 43. bxa6 bxa6 44. Kd4 g5 45. Ke5 Rxf4 46. Ra3 Kb7 47. Kxe6 Rxf2 48. c6+ Kxc6 49. Rxa6+ Kb7 50. Rd6 h5 51. Rd7+ Kc6 52. Rg7 Rf3 53. Rxg5 Rxh3 54. Kf5 Rh1 55. Rg6+ Kd5 56. Rh6 h4 57. Kg4 Ke4 58. Rxh4 Rg1+ 59. Kh3+ Kf3 60. Kh2 1/2-1/2

[Event "East of Scotland-ch"]
[Site "Scotland"]
[Date "2010.05.29"]
[Round "3"]
[White "Grant, Alan"]
[Black "Hogg, Stephen William"]
[Result "1/2-1/2"]
[WhiteElo "2214"]
[BlackElo "2012"]
[PlyCount "140"]
[EventDate "2010.05.28"]
[EventType "swiss"]
[EventRounds "5"]
[EventCountry "SCO"]
[SourceTitle "EXT 2023"]
[Source "ChessBase"]
[SourceDate "2022.10.05"]
[SourceVersion "1"]
[SourceVersionDate "2022.10.05"]
[SourceQuality "1"]

1. Nf3 d5 2. c4 e6 3. g3 Nf6 4. Bg2 Be7 5. 0-0 0-0 6. d4 c6 7. Nbd2 b6 8. Qc2 Ba6 9. b3 Nbd7 10. e4 Rc8 11. Rd1 c5 12. e5 Ne8 13. cxd5 cxd4 14. Qb1 exd5 15. Bf1 Nc7 16. Bb2 Bxf1 17. Nxf1 Ne6 18. Bxd4 f5 19. exf6 Nxd4 20. Nxd4 Rxf6 21. Ne3 Bc5 22. b4 Bxd4 23. Rxd4 Ne5 24. Rxd5 Nf3+ 25. Kg2 Qf8 26. Qb3 Kh8 27. Rf1 h6 28. a3 Nh4+ 29. Kg1 Nf3+ 30. Kh1 Qf7 31. Qd1 Qb7 32. Rd8+ Rf8 33. Rxf8+ Rxf8 34. Qd5 Qxd5 35. Nxd5 Nd2 36. Rc1 Rxf2 37. Rc2 g5 38. Nc3 Rf1+ 39. Kg2 Nc4 40. Nd5 Rd1 41. Rxc4 Rxd5 42. Rc8+ Kg7 43. Rc7+ Kg6 44. Rxa7 Rd2+ 45. Kf3 Rxh2 46. Ra6 Rc2 47. Rxb6+ Kf5 48. Rb5+ Kf6 49. Rc5 Ra2 50. Rc3 Rb2 51. Rc6+ Kf5 52. Rc5+ Kf6 53. Kg4 Ra2 54. Ra5 Rh2 55. b5 h5+ 56. Kf3 g4+ 57. Kf4 Rf2+ 58. Ke4 Re2+ 59. Kd3 Rf2 60. b6 Rb2 61. Ra6 Ke7 62. a4 h4 63. gxh4 g3 64. Ra5 Rxb6 65. Rg5 Rb4 66. a5 Rxh4 67. Rxg3 Ra4 68. Rg5 Kd7 69. Kc3 Kc6 70. Kb3 Ra1 1/2-1/2

[Event "Perth op"]
[Site "Perth"]
[Date "2010.01.31"]
[Round "5"]
[White "Birkett, Richard"]
[Black "Hogg, Stephen William"]
[Result "1-0"]
[WhiteElo "2163"]
[BlackElo "2013"]
[PlyCount "101"]
[EventDate "2010.01.29"]
[EventType "swiss"]
[EventRounds "5"]
[EventCountry "SCO"]
[SourceTitle "EXT 2023"]
[Source "ChessBase"]
[SourceDate "2022.10.05"]
[SourceVersion "1"]
[SourceVersionDate "2022.10.05"]
[SourceQuality "1"]

1. e4 c6 2. d4 d5 3. Nd2 dxe4 4. Nxe4 Nd7 5. Qe2 Ndf6 6. c3 Nxe4 7. Qxe4 Nf6 8. Qc2 Bg4 9. Bd3 e6 10. Ne2 Bd6 11. f3 Bh5 12. Bd2 Qc7 13. 0-0-0 Bxh2 14. Bg5 Bg6 15. Bxg6 fxg6 16. d5 cxd5 17. Qa4+ Kf7 18. Bxf6 gxf6 19. f4 Bxf4+ 20. Nxf4 Qc6 21. Qd4 a5 22. Rhf1 Rhf8 23. g4 Rad8 24. Nd3 Ke7 25. g5 f5 26. Rde1 Rd6 27. Rh1 h5 28. Qg7+ Rf7 29. Qxf7+ Kxf7 30. Ne5+ Ke7 31. Nxc6+ Rxc6 32. Re5 Kd7 33. Rhe1 Rb6 34. R1e2 a4 35. Kc2 Rc6 36. Kd3 Rb6 37. Kd4 Rc6 38. R5e3 Rc4+ 39. Kd3 Rc6 40. b3 Ra6 41. Kd4 Rc6 42. Ke5 Ke7 43. Rd2 Rc5 44. Rd4 axb3 45. axb3 b5 46. b4 Rc6 47. Rd2 Ra6 48. Ree2 Rc6 49. Ra2 Rxc3 50. Ra7+ Kf8 51. Kf6 1-0

[Event "Grangemouth Premier"]
[Site "Grangemouth"]
[Date "2009.09.06"]
[Round "5"]
[White "Hogg, Stephen William"]
[Black "MacDonald, Christopher"]
[Result "0-1"]
[WhiteElo "2003"]
[BlackElo "2128"]
[PlyCount "75"]
[EventDate "2009.09.04"]
[EventType "swiss"]
[EventRounds "5"]
[EventCountry "SCO"]
[SourceTitle "EXT 2023"]
[Source "ChessBase"]
[SourceDate "2022.10.05"]
[SourceVersion "1"]
[SourceVersionDate "2022.10.05"]
[SourceQuality "1"]

1. d4 d5 2. c4 c6 3. Nc3 e6 4. e3 Nf6 5. Nf3 Nbd7 6. Qc2 a6 7. b3 b5 8. Be2 Bd6 9. 0-0 0-0 10. e4 b4 11. e5 bxc3 12. exd6 Ne4 13. c5 f5 14. Ne1 Qf6 15. Kh1 Qxd4 16. Be3 Qf6 17. Nd3 d4 18. f3 Nexc5 19. Bf2 e5 20. Rad1 Nxd3 21. Bxd3 Nb6 22. f4 e4 23. Bxd4 exd3 24. Qxc3 Qd8 25. Bxg7 Rf7 26. Be5 Nd5 27. Qxd3 Nf6 28. Qg3+ Kf8 29. Bb2 Ne4 30. Qe3 Be6 31. Rf3 Bd5 32. d7 Ke7 33. g4 fxg4 34. Ba3+ Kxd7 35. Qxe4 gxf3 36. Rxd5+ cxd5 37. Qxd5+ Ke8 38. h3 0-1

[Event "Grangemouth op"]
[Site "Grangemouth"]
[Date "2008.09.07"]
[Round "4"]
[White "Hogg, Stephen William"]
[Black "Grant, David"]
[Result "1-0"]
[WhiteElo "1956"]
[BlackElo "1808"]
[PlyCount "99"]
[EventDate "2008.09.05"]
[EventType "swiss"]
[EventRounds "5"]
[EventCountry "SCO"]
[SourceTitle "EXT 2011"]
[Source "ChessBase"]
[SourceDate "2010.11.26"]
[SourceVersion "1"]
[SourceVersionDate "2010.11.26"]
[SourceQuality "1"]

1. d4 Nf6 2. c4 c5 3. d5 b5 4. Nf3 bxc4 5. Nc3 d6 6. e4 Bg4 7. Bxc4 Nbd7 8. h3 Bxf3 9. Qxf3 Ne5 10. Bb5+ Nfd7 11. Qe2 f6 12. f4 Nf7 13. 0-0 g6 14. Qg4 a6 15. Bc6 Rb8 16. Qe6 Qc7 17. e5 Nd8 18. exd6 Nxe6 19. dxc7 Nxc7 20. Ne4 Kd8 21. Be3 c4 22. Rfd1 Nb5 23. Bxd7 Kxd7 24. Nc5+ Kd6 25. f5 Rc8 26. Nxa6 gxf5 27. a4 Nc7 28. Bf4+ Kd7 29. Nxc7 Rxc7 30. Bxc7 Kxc7 31. Rac1 Bh6 32. Rxc4+ Kd6 33. Kf2 Ra8 34. b3 Ra7 35. Rh4 Bg5 36. Rxh7 Rb7 37. h4 Bf4 38. Kf3 Be5 39. Rd3 Rb4 40. h5 Rg4 41. Kf2 Rf4+ 42. Rf3 Rd4 43. h6 Rd2+ 44. Kf1 Rxd5 45. Rg7 Rd1+ 46. Ke2 Rh1 47. Rh3 Rb1 48. h7 Rb2+ 49. Kd1 Rb1+ 50. Kc2 1-0

[Event "Grangemouth op"]
[Site "Grangemouth"]
[Date "2008.09.06"]
[Round "2"]
[White "Hogg, Stephen William"]
[Black "Birkett, Richard"]
[Result "1/2-1/2"]
[WhiteElo "1956"]
[BlackElo "2138"]
[PlyCount "106"]
[EventDate "2008.09.05"]
[EventType "swiss"]
[EventRounds "5"]
[EventCountry "SCO"]
[SourceTitle "EXT 2011"]
[Source "ChessBase"]
[SourceDate "2010.11.26"]
[SourceVersion "1"]
[SourceVersionDate "2010.11.26"]
[SourceQuality "1"]

1. d4 d5 2. c4 e6 3. Nc3 Nf6 4. Bg5 Nbd7 5. e3 c6 6. cxd5 exd5 7. Bd3 Be7 8. Nge2 0-0 9. 0-0 Ne4 10. Bxe7 Qxe7 11. Nxe4 dxe4 12. Bc2 Nf6 13. Ng3 Re8 14. Qd2 a5 15. a3 h5 16. f3 exf3 17. Rxf3 Bg4 18. Rxf6 Qxf6 19. h3 Bd7 20. Nxh5 Qg5 21. Nf4 Bf5 22. h4 Qg4 23. Bxf5 Qxf5 24. Rf1 c5 25. d5 Qe5 26. Rf3 c4 27. h5 Ra6 28. Qc2 Rc8 29. e4 Rf6 30. g3 b5 31. Re3 b4 32. axb4 axb4 33. b3 c3 34. Kg2 Qd4 35. Re2 Ra8 36. e5 Rxf4 37. gxf4 Qxd5+ 38. Qe4 Qxe4+ 39. Rxe4 Ra1 40. Rc4 Rb1 41. Kf2 Rxb3 42. Ke2 Rb2+ 43. Kd3 Rd2+ 44. Ke3 Rb2 45. Kd3 Kf8 46. f5 Ke7 47. Rc7+ Kd8 48. Rc4 Kd7 49. Rd4+ Kc6 50. Re4 Rd2+ 51. Ke3 Rd8 52. Rxb4 Kc5 53. Rb7 Kc4 1/2-1/2

[Event "East of Scotland"]
[Site "Grangemouth"]
[Date "2008.05.31"]
[Round "3"]
[White "Hogg, Stephen William"]
[Black "MacGregor, Ian Ross"]
[Result "1/2-1/2"]
[WhiteElo "1969"]
[BlackElo "1817"]
[PlyCount "71"]
[EventDate "2008.05.30"]
[EventType "swiss"]
[EventRounds "5"]
[EventCountry "SCO"]
[SourceTitle "EXT 2010"]
[Source "ChessBase"]
[SourceDate "2010.11.25"]
[SourceVersion "1"]
[SourceVersionDate "2010.11.25"]
[SourceQuality "1"]

1. e4 e6 2. d4 d5 3. Nc3 Nf6 4. e5 Nfd7 5. f4 c5 6. Nf3 Nc6 7. Be3 Qb6 8. a3 cxd4 9. Nxd4 Nxd4 10. Bxd4 Bc5 11. Nb5 Bxd4 12. Qxd4 Qxd4 13. Nxd4 a6 14. 0-0-0 Nc5 15. Bd3 Bd7 16. g4 Rc8 17. f5 g6 18. f6 Ba4 19. Kd2 Nd7 20. Rde1 Nb8 21. h4 Nc6 22. Nxc6 Bxc6 23. h5 g5 24. h6 Bb5 25. Bxb5+ axb5 26. Rh5 Rg8 27. b3 Ra8 28. Re3 Rxa3 29. Rc3 Kd7 30. Rc5 b6 31. Rxb5 Kc6 32. Rb4 Kc5 33. c3 Ra2+ 34. Kd3 Ra1 35. Ra4 Rxa4 36. bxa4 1/2-1/2

[Event "Edinburgh Premier"]
[Site "Edinburgh"]
[Date "2007.04.13"]
[Round "1"]
[White "Hogg, Stephen William"]
[Black "Grant, Alan"]
[Result "0-1"]
[WhiteElo "1946"]
[BlackElo "2205"]
[PlyCount "48"]
[EventDate "2007.04.13"]
[EventType "swiss"]
[EventRounds "5"]
[EventCountry "SCO"]
[SourceTitle "EXT 2008"]
[Source "ChessBase"]
[SourceDate "2007.11.25"]
[SourceVersion "1"]
[SourceVersionDate "2007.11.25"]
[SourceQuality "1"]

1. d4 Nf6 2. c4 d6 3. Nc3 Nbd7 4. e4 e5 5. d5 Be7 6. Nf3 0-0 7. Be2 a5 8. 0-0 Nc5 9. Qc2 Bd7 10. Be3 b6 11. h3 g6 12. Bh6 Re8 13. Nd2 Bf8 14. Be3 Bg7 15. b3 Rf8 16. a3 Ne8 17. g4 f5 18. f3 Qh4 19. b4 Qg3+ 20. Kh1 Qxh3+ 21. Kg1 fxg4 22. bxc5 g3 23. Rfd1 Qh2+ 24. Kf1 g2+ 0-1